000 00603nam a2200217 4500
001 120889
003 ES-MaACL
005 20250111062531.0
007 t|
008 070214s1985 sp r ||||1| spa d
020 _a84-339-1714-5
100 1 _aPombo, Álvaro.
_9138657
245 1 3 _aEl parecido /
_cAlvaro Pombo.
250 _a2º. ed. rev.
260 _aBarcelona :
_bAnagrama,
_c1985.
300 _a199 p. ;
_c20 cm.
490 1 _aNarrativas hispánicas ;
_v14
830 0 0 _aNarrativas hispánicas (Anagrama)
_v14
_9178124
852 _aES-MaACL
_jL-10444
_bR.112376
999 _c120889
_d120889